| 000 | 004330000a22001810004500 | ||
|---|---|---|---|
| 003 | MACL | ||
| 005 | 20150913132329.0 | ||
| 008 | 150913b xxu||||| |||| 00| 0 eng d | ||
| 040 |
_aMACL _cMACL |
||
| 041 | _aEnglish | ||
| 082 | _a823/GIR | ||
| 100 |
_aPunekar, Shankar Mokashi _910671 |
||
| 245 | _aAwadheshwari | ||
| 260 |
_bSahitya Akademi _c2006 _aBangalore |
||
| 350 | _a200 | ||
| 650 |
_aFiction _910672 |
||
| 942 |
_cBK _k823 _2ddc |
||
| 999 |
_c8280 _d8280 |
||